[Event "Lichtenberger Sommer"]
[Site "Berlin"]
[Date "2009.08.16"]
[Round "2.50"]
[White "Penne, Bo"]
[Black "Bandsom, Olaf"]
[Result "1-0"]
[WhiteElo "2000"]
[BlackElo "1786"]
[PlyCount "41"]
[EventDate "2009.??.??"]
[WhiteTeam "USV Potsdam e.V., Abt. Schach"]
[BlackTeam "SC Friesen Lichtenberg e.V."]

1. e4 e5 2. Nf3 Nc6 3. Nc3 d6 4. d4 exd4 5. Nxd4 Bd7 6. Be2 g6 7. O-O Bg7 8.
Be3 Nge7 9. Qd2 O-O 10. Rae1 Nxd4 11. Bxd4 Nc6 12. Bxg7 Kxg7 13. Nd5 f5 14.
Qc3+ Kg8 15. Bc4 Be6 16. exf5 Bxd5 17. Bxd5+ Rf7 18. fxg6 hxg6 19. Bxf7+ Kxf7
20. Re3 Ne5 21. Rh3 1-0

[Event "Lichtenberger Sommer"]
[Site "Berlin"]
[Date "2009.08.16"]
[Round "2.51"]
[White "Tiemer, Klaus"]
[Black "Radloff, Rainer"]
[Result "1-0"]
[WhiteElo "1883"]
[BlackElo "1681"]
[PlyCount "75"]
[EventDate "2009.??.??"]
[WhiteTeam "TSG Oberschöneweide e.V."]
[BlackTeam "SC Weiße Dame e.V."]

1. d4 d5 2. c4 e6 3. Nc3 Nf6 4. Bg5 Be7 5. e3 O-O 6. Nf3 dxc4 7. Bxc4 Nbd7 8.
O-O a6 9. a4 b6 10. e4 Bb7 11. e5 Ne4 12. Bxe7 Qxe7 13. Bd3 Nxc3 14. bxc3 c5
15. Qe2 cxd4 16. cxd4 Rfd8 17. Rfd1 Nf8 18. Be4 Ng6 19. g3 Qd7 20. h4 Ne7 21.
Ng5 h6 22. Bxb7 Qxb7 23. Ne4 Nf5 24. Qg4 Kh7 25. Nc3 Rd7 26. d5 g6 27. d6 Rc8
28. Ne4 Kg7 29. Nf6 Rdd8 30. Qf4 Rc5 31. Rac1 Qc6 32. Ne4 Nd4 33. Qf6+ Kh7 34.
Qxf7+ Kh8 35. Qf6+ Kh7 36. Qe7+ Kg8 37. Qxd8+ Kg7 38. Qe7+ 1-0

[Event "Lichtenberger Sommer"]
[Site "Berlin"]
[Date "2009.08.16"]
[Round "2.52"]
[White "Oberbacher, Michael"]
[Black "Baranowsky, Peter"]
[Result "0-1"]
[WhiteElo "1301"]
[BlackElo "1935"]
[PlyCount "66"]
[EventDate "2009.??.??"]
[WhiteTeam "SC Braunschweig Gliesmarode v. 1"]
[BlackTeam "Sfrd. Berlin 1903 e.V."]

1. d4 d5 2. e4 dxe4 3. Nc3 Bf5 4. f3 Nf6 5. g4 Bg6 6. g5 Nfd7 7. Nxe4 e5 8. h4
Be7 9. Bc4 Nb6 10. Bb3 Qxd4 11. Qxd4 exd4 12. a3 Nc6 13. h5 Bxe4 14. fxe4 Ne5
15. Bf4 Nbd7 16. O-O-O c5 17. Ba4 O-O-O 18. Ne2 f6 19. Rhg1 Nf3 20. gxf6 Nxg1
21. Rxg1 Bxf6 22. Ng3 g6 23. Kd2 a6 24. Ne2 b5 25. Bb3 c4 26. Ba2 Ne5 27. Bxe5
Bxe5 28. hxg6 hxg6 29. Rxg6 Rh2 30. Ke1 d3 31. cxd3 Rxd3 32. Rg5 Re3 33. Rxe5
Rexe2+ 0-1

[Event "Lichtenberger Sommer"]
[Site "Berlin"]
[Date "2009.08.16"]
[Round "2.53"]
[White "Just, Detlef"]
[Black "Sivakumaran, Ramesh"]
[Result "0-1"]
[WhiteElo "1932"]
[BlackElo "1466"]
[PlyCount "72"]
[EventDate "2009.??.??"]
[WhiteTeam "SC Zugzwang 95 e.V."]
[BlackTeam "SV Empor Berlin e.V."]

1. e4 c5 2. Bc4 Nc6 3. Nf3 d6 4. O-O Nf6 5. Ng5 e6 6. f4 h6 7. Nf3 Nxe4 8. d3
Nf6 9. Nc3 Be7 10. Qe1 O-O 11. a3 a6 12. Qg3 b5 13. Ba2 Bb7 14. f5 exf5 15.
Bxh6 Ng4 16. Bxg7 Kxg7 17. h3 Nce5 18. hxg4 Nxf3+ 19. gxf3 Bh4 20. Qf4 fxg4 21.
fxg4 c4 22. Ne4 Qb6+ 23. Kh2 f6 24. Nxd6 Rh8 25. Nf5+ Kg6 26. Nxh4+ Rxh4+ 27.
Kg3 Rah8 28. Qf5+ Kf7 29. Qd7+ Kg6 30. Rae1 Rh3+ 31. Kf4 Rd8 32. Qf5+ Kf7 33.
g5 Rd4+ 34. Re4 Rxe4+ 35. Qxe4 Qd6+ 36. Kf5 Bc8+ 0-1

[Event "Lichtenberger Sommer"]
[Site "Berlin"]
[Date "2009.08.16"]
[Round "2.54"]
[White "Schönemann, Manfred"]
[Black "Knebel, Lothar"]
[Result "0-1"]
[WhiteElo "1820"]
[BlackElo "1789"]
[PlyCount "74"]
[EventDate "2009.??.??"]
[WhiteTeam "SV Turbine Berlin e.V."]
[BlackTeam "SV Oberkochen"]

1. d4 e6 2. c4 d5 3. Nf3 c5 4. cxd5 exd5 5. dxc5 Bxc5 6. g3 Nf6 7. Bg5 Bxf2+ 8.
Kxf2 Ne4+ 9. Kg2 Nxg5 10. h4 Ne4 11. Qd4 O-O 12. Nc3 Nxc3 13. Qxc3 Nc6 14. Rd1
Bg4 15. Ne5 Nxe5 16. Qxe5 Re8 17. Qxd5 Qxd5+ 18. Rxd5 Be6 19. Re5 Bxa2 20.
Rxe8+ Rxe8 21. Kf2 Bd5 22. Rh2 Rc8 23. Ke3 Rc2 24. Kd4 Bb3 25. Bh3 g6 26. h5 a5
27. h6 a4 28. Rh1 f5 29. g4 fxg4 30. Bxg4 Rc4+ 31. Kd3 Rxg4 32. Rc1 Rh4 33.
Rc8+ Kf7 34. Rc7+ Kf6 35. Rxh7 b5 36. e3 Bc4+ 37. Kc3 g5 0-1

[Event "Lichtenberger Sommer"]
[Site "Berlin"]
[Date "2009.08.16"]
[Round "2.55"]
[White "Walter, Günter"]
[Black "Torzinski, Nils"]
[Result "1-0"]
[WhiteElo "2042"]
[BlackElo "1332"]
[PlyCount "31"]
[EventDate "2009.??.??"]
[WhiteTeam "TSG Oberschöneweide e.V."]
[BlackTeam "SC Friesen Lichtenberg e.V."]

1. e4 e5 2. Nf3 Nc6 3. Bb5 a6 4. Bxc6 bxc6 5. d4 Nf6 6. Nxe5 Nxe4 7. Qf3 Nd6 8.
O-O f6 9. Qh5+ g6 10. Nxg6 hxg6 11. Qxh8 Qe7 12. Bd2 Kd8 13. Bh6 Ke8 14. Bxf8
Qxf8 15. Re1+ Kf7 16. Qh7+ 1-0

[Event "Lichtenberger Sommer"]
[Site "Berlin"]
[Date "2009.08.16"]
[Round "2.56"]
[White "Kupfer, Michael"]
[Black "Kammler, Hans-Joachim"]
[Result "1-0"]
[WhiteElo "2198"]
[BlackElo "1276"]
[PlyCount "35"]
[EventDate "2009.??.??"]
[WhiteTeam "SC Friesen Lichtenberg e.V."]
[BlackTeam "SG Eckturm"]

1. e4 e6 2. d4 d5 3. Nc3 Nf6 4. e5 Nfd7 5. f4 c5 6. Nf3 Qb6 7. Be3 f6 8. Be2 a6
9. O-O Be7 10. Na4 Qc6 11. c3 c4 12. b4 b5 13. Nc5 a5 14. a3 a4 15. exf6 Nxf6
16. Ne5 Qd6 17. f5 exf5 18. Bf4 1-0

[Event "Lichtenberger Sommer"]
[Site "Berlin"]
[Date "2009.08.16"]
[Round "2.57"]
[White "Metin, Altug"]
[Black "Rabiega, Robert"]
[Result "0-1"]
[WhiteElo "1600"]
[BlackElo "2551"]
[PlyCount "82"]
[EventDate "2009.??.??"]
[WhiteTeam "vereinslos"]
[BlackTeam "SK König Tegel 1949 e.V."]

1. e4 c5 2. c3 Nf6 3. e5 Nd5 4. Nf3 Nc6 5. d4 cxd4 6. cxd4 d6 7. Bc4 Nb6 8. Bb3
dxe5 9. dxe5 Qxd1+ 10. Bxd1 Bf5 11. O-O e6 12. Nc3 O-O-O 13. Be2 Bb4 14. Bd2
Nxe5 15. Bg5 Nxf3+ 16. Bxf3 f6 17. Rac1 Kb8 18. Be3 Nc4 19. Nd1 Bd3 20. a3 Nxe3
21. Nxe3 Bd2 22. Rfd1 Bxc1 23. Rxc1 Bg6 24. g3 Rd2 25. Nc4 Rc8 26. Nxd2 Rxc1+
27. Kg2 Rc2 28. Nb3 e5 29. Bd5 Rxb2 30. a4 Be4+ 31. Bxe4 Rxb3 32. Bxh7 b5 33.
axb5 Rxb5 34. h4 a5 35. g4 a4 36. h5 a3 37. Bg8 Rb2 38. Kg3 a2 39. Bxa2 Rxa2
40. Kf3 Kc7 41. Ke4 Rxf2 0-1

[Event "Lichtenberger Sommer"]
[Site "Berlin"]
[Date "2009.08.16"]
[Round "2.58"]
[White "Schild, Reinhard"]
[Black "Vogel, Robert"]
[Result "0-1"]
[WhiteElo "1593"]
[BlackElo "2318"]
[PlyCount "30"]
[EventDate "2009.??.??"]
[WhiteTeam "SG Weißensee 49 e.V."]
[BlackTeam "SGem Pang/Rosenheim"]

1. e4 Nc6 2. d4 d5 3. e5 Bf5 4. c3 e6 5. Bd3 Nge7 6. Ne2 Qd7 7. O-O f6 8. f4
O-O-O 9. Ng3 Bxd3 10. Qxd3 h5 11. Qe2 h4 12. Nh5 f5 13. g4 fxg4 14. Qxg4 Nf5
15. Re1 Qf7 0-1

[Event "Lichtenberger Sommer"]
[Site "Berlin"]
[Date "2009.08.16"]
[Round "2.59"]
[White "Sabrowski, Uwe"]
[Black "Engelhardt, Erhard"]
[Result "1-0"]
[WhiteElo "2127"]
[BlackElo "1818"]
[PlyCount "47"]
[EventDate "2009.??.??"]
[WhiteTeam "SC Friesen Lichtenberg e.V."]
[BlackTeam "SSV Rotation Berlin e.V."]

1. d4 b6 2. e4 Bb7 3. Bd3 e6 4. c4 Bb4+ 5. Nd2 Nf6 6. Qe2 d6 7. Ngf3 c5 8. d5
e5 9. O-O Bxd2 10. Bxd2 Bc8 11. h3 h6 12. Nh4 g5 13. Nf5 Bxf5 14. exf5 Qe7 15.
b4 cxb4 16. Bxb4 Na6 17. Bc3 Nc5 18. Bc2 Nfd7 19. a4 O-O 20. Qh5 Kg7 21. Ra3
Rfb8 22. Bd2 Qe8 23. Bxg5 hxg5 24. Qxg5+ 1-0

[Event "Lichtenberger Sommer"]
[Site "Berlin"]
[Date "2009.08.16"]
[Round "2.60"]
[White "Inngauer, Wolfram"]
[Black "Samarian, Cornel"]
[Result "1-0"]
[WhiteElo "1898"]
[BlackElo "1811"]
[PlyCount "63"]
[EventDate "2009.??.??"]
[WhiteTeam "CFC Hertha 06 e.V."]
[BlackTeam "SC Pegasus Lohkirchen"]

1. d4 Nf6 2. Nc3 d5 3. Bg5 h6 4. Bh4 Bf5 5. e3 e6 6. a3 c6 7. Bd3 Bxd3 8. Qxd3
Be7 9. Nf3 Nbd7 10. O-O O-O 11. Rad1 Nh7 12. Bxe7 Qxe7 13. Rfe1 Rad8 14. e4
dxe4 15. Nxe4 Ndf6 16. Ng3 Qc7 17. Qb3 Rfe8 18. Rd3 Nf8 19. Qa4 a6 20. Qb4 Ng6
21. Rb3 b5 22. c4 a5 23. Qc3 bxc4 24. Qxc4 Nd5 25. Rc1 Rc8 26. Ne4 Nge7 27. Ne5
f6 28. Nd3 Kf7 29. Ndc5 Kg6 30. Nxe6 Qd7 31. N6c5 Qd6 32. Rg3+ 1-0

[Event "Lichtenberger Sommer"]
[Site "Berlin"]
[Date "2009.08.16"]
[Round "2.61"]
[White "Hahn, Thomas"]
[Black "Kasper, Peter"]
[Result "0-1"]
[WhiteElo "1826"]
[BlackElo "1583"]
[PlyCount "106"]
[EventDate "2009.??.??"]
[WhiteTeam "SC Empor Potsdam 1952 e.V."]
[BlackTeam "SG Eckturm"]

1. d4 d6 2. Bf4 g6 3. e3 Bg7 4. c3 Nf6 5. Bd3 Nd5 6. Bg5 Nd7 7. Nf3 c5 8. O-O
O-O 9. Nbd2 Qc7 10. Re1 f5 11. Bc4 N7b6 12. Bb3 c4 13. Bc2 Nf6 14. e4 fxe4 15.
Nxe4 Nbd5 16. Ned2 b5 17. a4 b4 18. Ne4 a5 19. Qe2 b3 20. Bb1 Ra7 21. Nfd2 Nb6
22. Nxf6+ Bxf6 23. Bh6 Bg7 24. Bxg7 Kxg7 25. Be4 d5 26. Bf3 Qf4 27. Nf1 e6 28.
Ne3 h5 29. Nf1 Raf7 30. Ng3 Qg5 31. Qe5+ Qxe5 32. Rxe5 Kh6 33. Re2 Bd7 34. Nf1
Rb8 35. h3 Nxa4 36. Rxa4 Bxa4 37. Rxe6 Ra7 38. Bxd5 Bd7 39. Rd6 a4 40. Bxc4 a3
41. bxa3 b2 42. Bd3 Be8 43. Bb1 Rxa3 44. c4 Rc3 45. Nd2 Rc1+ 46. Kh2 Rd1 47. c5
Rxd2 48. c6 Rc8 49. d5 Rxc6 50. Rd8 Rc1 51. Be4 b1=Q 52. Bxb1 Rxb1 53. Rxe8
Rxd5 0-1

[Event "Lichtenberger Sommer"]
[Site "Berlin"]
[Date "2009.08.16"]
[Round "2.62"]
[White "Mildenberger, Hans"]
[Black "Batschari, Alexander"]
[Result "0-1"]
[WhiteElo "1628"]
[BlackElo "1808"]
[PlyCount "78"]
[EventDate "2009.??.??"]
[WhiteTeam "BVG Helmholtz"]
[BlackTeam "SV Königsjäger Süd-West e.V."]

1. d4 Nf6 2. c4 e6 3. Nf3 Bb4+ 4. Bd2 Be7 5. Nc3 d5 6. e3 O-O 7. Bd3 Nbd7 8.
Qc2 c6 9. O-O Re8 10. Rac1 Bd6 11. e4 dxe4 12. Nxe4 Nxe4 13. Bxe4 h6 14. d5
exd5 15. cxd5 Nf6 16. Bd3 Nxd5 17. Bc4 Be6 18. Rfe1 Qf6 19. Rcd1 Bf5 20. Qb3
Be4 21. Bc3 Qg6 22. Bd4 Bc2 23. Qxb7 Bxd1 24. Rxd1 Rab8 25. Qd7 Red8 26. Qh3
Qc2 27. Re1 Qxc4 28. Qg4 Bf8 29. b3 Qb4 30. Qf5 Ne7 31. Qe5 Ng6 32. Qg3 c5 33.
Bb2 Qf4 34. Qh3 Re8 35. Rd1 Re2 36. Bc1 Qf6 37. Qg3 Rd8 38. Rf1 Rxa2 39. Be3
Ra1 0-1

[Event "Lichtenberger Sommer"]
[Site "Berlin"]
[Date "2009.08.16"]
[Round "2.63"]
[White "Wendland, Frank"]
[Black "Brüning, Wolfgang"]
[Result "0-1"]
[WhiteElo "1756"]
[BlackElo "1946"]
[PlyCount "102"]
[EventDate "2009.??.??"]
[WhiteTeam "Treptower SV 1949 e.V."]
[BlackTeam "Queer-Springer SSV Berlin"]

1. e4 c5 2. Nf3 e6 3. b3 d5 4. exd5 exd5 5. Bb5+ Bd7 6. Qe2+ Qe7 7. O-O Qxe2 8.
Bxe2 Nc6 9. Re1 O-O-O 10. Bb2 Bf5 11. Na3 f6 12. Bb5 Nge7 13. c3 a6 14. Bf1 Ng6
15. d4 cxd4 16. Nxd4 Nxd4 17. cxd4 Bb4 18. Rec1+ Kb8 19. Nc2 Bd6 20. Ne3 Be6
21. Bd3 Nf4 22. Bf1 g5 23. g3 Ng6 24. Bg2 Ne7 25. Rc2 f5 26. Rac1 f4 27. Nd1 h5
28. Nc3 Rhf8 29. Re1 Bg8 30. Na4 f3 31. Bf1 Bh7 32. Rcc1 Rc8 33. Nc5 Bf5 34.
Ba3 Ka7 35. b4 b6 36. Nxa6 Nc6 37. Rcd1 h4 38. Re3 hxg3 39. b5 Bxa3 40. Rxa3
gxh2+ 41. Kh1 Na5 42. Nb4 Be4 43. Nc6+ Kb7 44. Nxa5+ bxa5 45. Rxa5 Rh8 46. Ra3
Rc2 47. Bd3 Rxf2 48. Bxe4 dxe4 49. Re3 g4 50. Rxe4 g3 51. Re7+ Kb8 0-1

[Event "Lichtenberger Sommer"]
[Site "Berlin"]
[Date "2009.08.16"]
[Round "2.64"]
[White "Schmalzried, Volker"]
[Black "Mohr, Horst"]
[Result "1/2-1/2"]
[WhiteElo "1875"]
[BlackElo "1824"]
[PlyCount "102"]
[EventDate "2009.??.??"]
[WhiteTeam "Umweltbundesamt"]
[BlackTeam "SC Caissa Falkensee e.V."]

1. c4 c6 2. d4 d5 3. cxd5 cxd5 4. Nc3 Nc6 5. Nf3 Nf6 6. g3 Bf5 7. a3 e6 8. Bg2
Be7 9. O-O O-O 10. Nh4 Bg4 11. Qd3 Qb6 12. e3 Na5 13. Bd2 Qb3 14. Qb5 Qxb5 15.
Nxb5 Be2 16. Rfe1 Nb3 17. Rxe2 Nxa1 18. b4 a6 19. Nc3 Nb3 20. Be1 a5 21. Rb2
axb4 22. axb4 Na1 23. Nf3 Rfc8 24. Bf1 Ne4 25. Nxe4 dxe4 26. Ne5 Nc2 27. Bd2
Na3 28. Nd7 Rc2 29. Rxc2 Nxc2 30. Nc5 b6 31. Nd7 Nxb4 32. Nxb6 Ra2 33. Nc4 f5
34. Kg2 Nd3 35. Kg1 Bb4 36. Bxb4 Nxb4 37. Ne5 Ra1 38. Kg2 Nd5 39. Bc4 Rc1 40.
Bb3 Kf8 41. h4 Rb1 42. Nd7+ Ke7 43. Nc5 Rb2 44. Kg1 g6 45. Ba4 Nb6 46. Bb3 Nd5
47. Ba4 Nc7 48. Bb3 h6 49. Bc4 e5 50. Nb3 Rc2 51. Bf1 Rb2 1/2-1/2

[Event "Lichtenberger Sommer"]
[Site "Berlin"]
[Date "2009.08.16"]
[Round "2.65"]
[White "Küster, Manfred"]
[Black "Koischwitz, Wanja"]
[Result "1-0"]
[WhiteElo "1903"]
[BlackElo "1720"]
[PlyCount "93"]
[EventDate "2009.??.??"]
[WhiteTeam "BSC Rehberge 1945 e.V."]
[BlackTeam "Queer-Springer SSV Berlin"]

1. d4 d5 2. c4 c6 3. Nc3 e6 4. e4 dxe4 5. Nxe4 Nf6 6. Nxf6+ Qxf6 7. Nf3 Bb4+ 8.
Bd2 Bxd2+ 9. Qxd2 O-O 10. O-O-O Rd8 11. Bd3 h6 12. Ne5 c5 13. dxc5 Kf8 14. Ng4
Qd4 15. f4 Nc6 16. Qe3 h5 17. Qxd4 Rxd4 18. Ne5 Rxf4 19. Nxc6 bxc6 20. Be2 g6
21. b3 Rf2 22. Bf3 Rxa2 23. Kb1 Rf2 24. Bxc6 Rb8 25. Bb5 a6 26. Ba4 e5 27. c6
Bf5+ 28. Ka1 Rc8 29. Rhg1 Be4 30. Rd6 Ke7 31. Rgd1 Bxg2 32. Rd7+ Kf6 33. R1d6+
Kg5 34. Rd8 Rc7 35. R8d7 Rc8 36. c7 Rf6 37. c5 Rf2 38. Re7 f6 39. Rd8 Bh3 40.
Rxc8 Bxc8 41. Bd7 Rc2 42. Bxc8 Rxc5 43. Bxa6 f5 44. c8=Q Rxc8 45. Bxc8 e4 46.
b4 f4 47. Re5+ 1-0

[Event "Lichtenberger Sommer"]
[Site "Berlin"]
[Date "2009.08.16"]
[Round "2.66"]
[White "Mako, Attila"]
[Black "Nagel, Gerhard"]
[Result "0-1"]
[WhiteElo "1756"]
[BlackElo "1950"]
[PlyCount "66"]
[EventDate "2009.??.??"]
[WhiteTeam "BSC Rehberge 1945 e.V."]
[BlackTeam "SC Einheit Bautzen"]

1. d4 d5 2. Bf4 Nf6 3. e3 Bf5 4. Nc3 e6 5. a3 a6 6. Bd3 Nbd7 7. Bxf5 exf5 8.
Qd3 g6 9. Nf3 c6 10. O-O Ne4 11. h3 Bg7 12. Ne2 O-O 13. c4 dxc4 14. Qxc4 g5 15.
Bg3 g4 16. hxg4 fxg4 17. Nh2 Nd2 18. Qd3 Nxf1 19. Kxf1 f5 20. f3 Nb6 21. Nf4
Rf7 22. Kf2 Qd7 23. Nh5 Re8 24. Nxg7 Kxg7 25. Rh1 Nd5 26. Be5+ Kg8 27. f4 Ne7
28. Nf1 Ng6 29. Rh6 Nxe5 30. fxe5 Rxe5 31. Ng3 f4 32. Ne4 fxe3+ 33. Kxe3 Rxe4+
0-1

[Event "Lichtenberger Sommer"]
[Site "Berlin"]
[Date "2009.08.16"]
[Round "2.67"]
[White "Forster, Manfred"]
[Black "Gabriel, Liem Thanh"]
[Result "1/2-1/2"]
[WhiteElo "1636"]
[BlackElo "1790"]
[PlyCount "58"]
[EventDate "2009.??.??"]
[WhiteTeam "SK Singen"]
[BlackTeam "Treptower SV 1949 e.V."]

1. d4 Nf6 2. Nc3 e6 3. e4 Bb4 4. f3 Nc6 5. Be3 O-O 6. Bd3 d6 7. Nge2 Ne7 8. Ng3
c5 9. a3 Bxc3+ 10. bxc3 b6 11. O-O Bb7 12. f4 Qc7 13. e5 Qc6 14. Qe2 Nfd5 15.
Bd2 a6 16. Ne4 dxe5 17. fxe5 Nf5 18. g4 Nfe7 19. Ng3 b5 20. Qg2 Qb6 21. Qf2
cxd4 22. cxd4 f6 23. Ne2 Qc6 24. Be4 fxe5 25. Qg3 exd4 26. Nxd4 Qb6 27. Qe5 Kh8
28. c3 Rf6 29. Rxf6 Nxf6 1/2-1/2

[Event "Lichtenberger Sommer"]
[Site "Berlin"]
[Date "2009.08.16"]
[Round "2.68"]
[White "Sotter-Klundt, Gerlinde"]
[Black "Lerch, Philipp"]
[Result "0-1"]
[WhiteElo "1839"]
[BlackElo "1905"]
[PlyCount "32"]
[EventDate "2009.??.??"]
[WhiteTeam "SC S.-W. Schweinheim"]
[BlackTeam "TuS Makkabi Berlin e.V."]

1. d4 Nf6 2. c4 c5 3. d5 b5 4. b3 bxc4 5. bxc4 d6 6. Qc2 g6 7. Bb2 Bf5 8. Qc1
Bg7 9. Nd2 O-O 10. Ngf3 Na6 11. Bc3 Nb4 12. e4 Nxe4 13. Bxg7 Kxg7 14. Qb2+ Nf6
15. Rc1 Rb8 16. Qa1 Nc2+ 0-1

[Event "Lichtenberger Sommer"]
[Site "Berlin"]
[Date "2009.08.16"]
[Round "2.69"]
[White "Theilig, Reinhard"]
[Black "Kazman, Caner"]
[Result "1-0"]
[WhiteElo "1559"]
[BlackElo "1941"]
[PlyCount "70"]
[EventDate "2009.??.??"]
[WhiteTeam "SG TT/Wiheil"]
[BlackTeam "SV Empor Berlin e.V."]

1. Nf3 c5 2. c4 Nf6 3. g3 d5 4. cxd5 Nxd5 5. Bg2 Nc6 6. O-O e5 7. d3 Be7 8. Nc3
Be6 9. a3 O-O 10. Re1 a6 11. Qc2 b5 12. Ne4 Nd4 13. Nxd4 cxd4 14. b4 Rc8 15.
Qd2 h6 16. e3 f5 17. Nc5 Bxc5 18. bxc5 dxe3 19. fxe3 Rxc5 20. d4 exd4 21. Qxd4
Rc4 22. Qe5 Qf6 23. Bb2 Qxe5 24. Bxe5 Re8 25. Rad1 Nc3 26. Rd6 Bc8 27. Bd4 Ne4
28. Rg6 Re7 29. Rf1 Be6 30. Bh3 Nd2 31. Rf2 Rc1+ 32. Bf1 Nxf1 33. Rxf1 Rxf1+
34. Kxf1 Kh7 35. Bc5 Re8 1-0

[Event "Lichtenberger Sommer"]
[Site "Berlin"]
[Date "2009.08.16"]
[Round "2.70"]
[White "Kohlmeyer, Dagobert"]
[Black "Dietzel, Uwe"]
[Result "1-0"]
[WhiteElo "1912"]
[BlackElo "1739"]
[PlyCount "59"]
[EventDate "2009.??.??"]
[WhiteTeam "SC Rochade e.V."]
[BlackTeam "TSV Lichtentanne SAbt"]

1. e4 e6 2. d4 d5 3. Nc3 h6 4. Nf3 Nf6 5. e5 Ne4 6. Bd3 Nxc3 7. bxc3 c5 8. c4
cxd4 9. cxd5 Qxd5 10. O-O Nc6 11. Re1 Bc5 12. a4 O-O 13. Re4 Rd8 14. Qe2 Ne7
15. Rg4 Nf5 16. Nh4 Be7 17. Nxf5 exf5 18. Rg3 Bh4 19. Rf3 Re8 20. Bf4 Bf6 21.
Rb1 a6 22. Bc4 Qc5 23. Rg3 Bh4 24. Bxf7+ Kxf7 25. Qh5+ Kf8 26. Qxh4 Qxc2 27.
Rc1 Qxa4 28. Bxh6 Qd7 29. Rxg7 Qxg7 30. Qf6+ 1-0

[Event "Lichtenberger Sommer"]
[Site "Berlin"]
[Date "2009.08.16"]
[Round "2.71"]
[White "Bauer, Stefan"]
[Black "Rickmann, David"]
[Result "1-0"]
[WhiteElo "1773"]
[BlackElo "1763"]
[PlyCount "73"]
[EventDate "2009.??.??"]
[WhiteTeam "SC Kreuzberg e.V."]
[BlackTeam "SG Aufbau Elbe Magdeburg"]

1. Nf3 g6 2. d4 Bg7 3. c4 d6 4. e4 f5 5. Nc3 Nf6 6. Bd3 e6 7. Bg5 h6 8. Bd2 O-O
9. Qc2 Nc6 10. Ne2 fxe4 11. Bxe4 Nxe4 12. Qxe4 Qf6 13. Bc3 Ne7 14. O-O-O Qf5
15. Qxf5 Nxf5 16. Rd3 e5 17. dxe5 dxe5 18. Nxe5 Nh4 19. f4 Bf5 20. Rg3 Be4 21.
Rg1 Kh7 22. Rg4 Bxe5 23. fxe5 Bd3 24. Nf4 Bxc4 25. Nxg6 Nxg6 26. Rxc4 Rf7 27.
g3 Re8 28. Re1 c6 29. h4 Rf3 30. h5 Ne7 31. Rg4 Nf5 32. Rf4 Rxf4 33. gxf4 Ng3
34. Re3 Nxh5 35. f5 Nf4 36. Bd2 Kg7 37. Rg3+ 1-0

[Event "Lichtenberger Sommer"]
[Site "Berlin"]
[Date "2009.08.16"]
[Round "2.72"]
[White "Bergmann, Jens"]
[Black "Stolze, Dirk"]
[Result "1-0"]
[WhiteElo "1824"]
[BlackElo "1536"]
[PlyCount "77"]
[EventDate "2009.??.??"]
[WhiteTeam "SK Tempelhof 1931 e.V."]
[BlackTeam "SK Tempelhof 1931 e.V."]

1. d4 c6 2. Nf3 d5 3. Nc3 Nf6 4. Qd3 e6 5. Bg5 h6 6. Bh4 Be7 7. Bg3 Nbd7 8. e4
dxe4 9. Nxe4 Nxe4 10. Qxe4 Qa5+ 11. c3 Nf6 12. Qc2 O-O 13. h3 c5 14. Bd3 cxd4
15. Nxd4 Bd7 16. O-O Rac8 17. Qe2 Qb6 18. Bf4 Bd6 19. Be3 Qc7 20. Rad1 Rfe8 21.
Bb5 a6 22. Bxd7 Qxd7 23. Qf3 Qc7 24. Bxh6 Nd5 25. Qg4 Be5 26. Bc1 b5 27. Nf3
Bf6 28. Rd3 Qb7 29. Bg5 Rc4 30. Qg3 Bxg5 31. Nxg5 Nf4 32. Rd2 b4 33. b3 Nh5 34.
Qd3 Nf4 35. Qh7+ Kf8 36. f3 Qb6+ 37. Kh1 Rxc3 38. Rd7 Ng6 39. Rxf7# 1-0

[Event "Lichtenberger Sommer"]
[Site "Berlin"]
[Date "2009.08.16"]
[Round "2.73"]
[White "Glöß, Henrik"]
[Black "Penner, Markus"]
[Result "0-1"]
[WhiteElo "1533"]
[BlackElo "1886"]
[PlyCount "58"]
[EventDate "2009.??.??"]
[WhiteTeam "Sfr.Nord-Ost Berlin"]
[BlackTeam "SK Zehlendorf e.V."]

1. d4 Nf6 2. c4 g6 3. Nc3 Bg7 4. e4 d6 5. Nf3 O-O 6. Bd3 Nbd7 7. O-O e5 8. d5
a5 9. Bg5 h6 10. Bh4 c6 11. Rb1 g5 12. Bg3 Nc5 13. Bc2 Nh5 14. Ne2 Bg4 15. Nd2
Nxg3 16. fxg3 Qb6 17. Kh1 Rad8 18. Nf3 Qb4 19. b3 cxd5 20. cxd5 f5 21. exf5 e4
22. Nd2 b5 23. Qe1 Nd3 24. Bxd3 exd3 25. Nc1 Rde8 26. Nxd3 Rxe1 27. Nxb4 Rxb1
28. Rxb1 axb4 29. Ne4 Bxf5 0-1

[Event "Lichtenberger Sommer"]
[Site "Berlin"]
[Date "2009.08.16"]
[Round "2.74"]
[White "Casny, Guenter"]
[Black "Krüger, Stefan"]
[Result "1-0"]
[WhiteElo "1865"]
[BlackElo "1609"]
[PlyCount "63"]
[EventDate "2009.??.??"]
[WhiteTeam "SC Rochade e.V."]
[BlackTeam "SC Friesen Lichtenberg e.V."]

1. c4 c5 2. Nc3 e6 3. g3 Nf6 4. Bg2 d5 5. cxd5 Nxd5 6. Nf3 Nc6 7. O-O Be7 8. d4
Nxc3 9. bxc3 O-O 10. Be3 Qa5 11. Qb3 cxd4 12. cxd4 Rd8 13. Rfd1 Qb4 14. Qc2 Qd6
15. Bf4 Qd7 16. e3 h6 17. h4 Nb4 18. Qd2 Nd5 19. e4 Bb4 20. Qc1 Nc3 21. Qc2
Nxd1 22. Rxd1 Bd6 23. Be3 Qc7 24. Qd2 Qb6 25. Bxh6 gxh6 26. Qxh6 Qc7 27. e5 Bb4
28. Ng5 Rd7 29. Be4 f6 30. Nxe6 Rh7 31. Qg6+ Rg7 32. Qe8+ 1-0

[Event "Lichtenberger Sommer"]
[Site "Berlin"]
[Date "2009.08.16"]
[Round "2.75"]
[White "Völler, Lothar"]
[Black "Körner, Helmut"]
[Result "1-0"]
[WhiteElo "1509"]
[BlackElo "1947"]
[PlyCount "109"]
[EventDate "2009.??.??"]
[WhiteTeam "Freier Sportverein von 1898 Dort"]
[BlackTeam "Sfr.Nord-Ost Berlin"]

1. e4 d5 2. Nc3 dxe4 3. Nxe4 Nf6 4. Ng3 e5 5. Bc4 Bd6 6. d3 O-O 7. Nf3 Bg4 8.
O-O Nc6 9. h3 Bd7 10. a3 Nd4 11. Bd2 Nxf3+ 12. Qxf3 Bc6 13. Qf5 Qd7 14. Rae1
Rad8 15. Bg5 Qxf5 16. Nxf5 Rfe8 17. Bxf6 gxf6 18. Nh6+ Kg7 19. Nxf7 Rd7 20.
Nxd6 cxd6 21. b4 d5 22. Bb3 Red8 23. Re3 e4 24. dxe4 dxe4 25. Rfe1 b6 26. Rg3+
Kh8 27. Be6 Rd2 28. Rc3 R2d6 29. Bf5 Re8 30. Rxc6 Rxc6 31. Bd7 Rec8 32. Bxc6
Rxc6 33. Rxe4 Rxc2 34. Re8+ Kg7 35. Re7+ Kg6 36. Rxa7 Rb2 37. Ra6 b5 38. g3 Rb3
39. Kg2 Kf5 40. Rb6 Rxa3 41. Rxb5+ Kg6 42. Rb8 Rb3 43. g4 h5 44. f3 hxg4 45.
hxg4 Kg5 46. Kg3 Rb1 47. Rb5+ Kg6 48. Kf4 Rb3 49. Rb8 Rb1 50. b5 Rb4+ 51. Kg3
f5 52. gxf5+ Kxf5 53. b6 Ke6 54. b7 Kd7 55. Rh8 1-0

[Event "Lichtenberger Sommer"]
[Site "Berlin"]
[Date "2009.08.16"]
[Round "2.76"]
[White "Lieder, Günter"]
[Black "Knaak, Hans"]
[Result "1-0"]
[WhiteElo "1873"]
[BlackElo "1753"]
[PlyCount "49"]
[EventDate "2009.??.??"]
[WhiteTeam "SK Turm Bad Hersfeld"]
[BlackTeam "Forster Schachclub 95"]

1. c4 Nf6 2. Nc3 g6 3. g3 d5 4. cxd5 Nxd5 5. Bg2 Nxc3 6. bxc3 Bg7 7. Rb1 c5 8.
Rxb7 Bxb7 9. Bxb7 Nd7 10. Bxa8 Qxa8 11. Nf3 O-O 12. O-O Qd5 13. Qc2 Nb6 14. d3
Rb8 15. c4 Qe6 16. Be3 Nd7 17. Rb1 Rxb1+ 18. Qxb1 Bf6 19. Qb7 a6 20. Kg2 Kg7
21. h4 h6 22. Qd5 Qxd5 23. cxd5 Nb6 24. Bxc5 Nxd5 25. e4 1-0